Guess the Military Camo Patterns. - Statistics

General Stats
  • This quiz has been taken 153 times
  • The average score is 2 of 16
Answer Stats
Picture Answer % Correct
MultiCam
85%
M81 Woodland
26%
Marine Pattern
12%
Universal Camouflage Pattern
12%
Multi-Terrain Pattern
9%
Jigsaw Pattern
8%
Airman Battle Uniform Pattern
6%
Flecktarn Pattern
4%
Australian Multicam
3%
Disruptive Pattern Camouflage
3%
Desert Camouflage Pattern
1%
Polish 93 Pantera
1%
Russian EMR Camouflage
1%
Swiss TAZ 90
1%
Finnish MO5 Woodland
0%
Turkish Camouflage Pattern
0%
No matching quizzes found
Score Distribution
Percent of People with Each Score
Percentile by Number Answered
Your Score History
You have not taken this quiz